[Event "29. Klatovy C 2023"]
[Site "Klatovy"]
[Date "2023.07.01"]
[Round "1.11"]
[White "Plasek, Zdenek"]
[Black "Kovar, Vaclav 1953"]
[Result "1-0"]
[WhiteElo "1906"]
[BlackElo "1583"]
[PlyCount "64"]
[EventDate "2023.07.01"]
[EventType "swiss"]
[EventRounds "9"]
[EventCountry "CZE"]

1. d4 d5 2. Bf4 Nf6 3. e3 e6 4. Nd2 Bd6 5. Bg3 c5 6. c3 Nc6 7. Ngf3 O-O 8. Bd3 Re8 9. Ne5 c4 10. Bc2 Bxe5 11. dxe5 Nd7 12. f4 b5 13. Nf3 Bb7 14. Bh4 Qb6 15. Bf2 Nc5 16. e4 Ne7 17. O-O Qc7 18. Bxc5 Qxc5+ 19. Qd4 Qxd4+ 20. Nxd4 dxe4 21. Nxb5 Rab8 22. Nd6 Red8 23. Rab1 Nd5 24. Nxb7 Rxb7 25. Bxe4 Rbd7 26. Rfd1 Kf8 27. Rd4 Nb6 28. Rxd7 Rxd7 29. Rc1 Rd2 30. Rc2 Rd7 31. Bf3 Ke7 32. Kf2 Na4 1-0

[Event "29. Klatovy C 2023"]
[Site "Klatovy"]
[Date "2023.07.01"]
[Round "1.12"]
[White "Novy, Jaroslav"]
[Black "Danko, Jiri"]
[Result "0-1"]
[WhiteElo "1482"]
[BlackElo "1873"]
[PlyCount "76"]
[EventDate "2023.07.01"]
[EventType "swiss"]
[EventRounds "9"]
[EventCountry "CZE"]

1. e4 e5 2. Nf3 Nc6 3. Bc4 Nf6 4. d4 exd4 5. e5 d5 6. Bb5 Ne4 7. Nxd4 Bc5 8. Be3 Bd7 9. Bxc6 bxc6 10. O-O O-O 11. f3 Ng5 12. Qd2 Ne6 13. Qf2 Nxd4 14. Bxd4 Bxd4 15. Qxd4 f6 16. Nc3 fxe5 17. Qxe5 Bf5 18. Qe2 Qd6 19. a3 Rfe8 20. Qd2 Qg6 21. Rf2 h5 22. Nd1 Bxc2 23. Ne3 Bf5 24. Nxf5 Qxf5 25. Re1 Rxe1+ 26. Qxe1 d4 27. Re2 d3 28. Re4 Rd8 29. Qd2 Qc5+ 30. Kf1 Qd5 31. Re1 c5 32. Rc1 c4 33. Re1 Rb8 34. Re4 Rb3 35. Re3 Qd6 36. h3 Qf6 37. Re8+ Kf7 38. Qe3 Rxb2 0-1

[Event "29. Klatovy C 2023"]
[Site "Klatovy"]
[Date "2023.07.01"]
[Round "1.13"]
[White "Petras, Milan"]
[Black "Rezny, Frantisek"]
[Result "1-0"]
[WhiteElo "1866"]
[BlackElo "1476"]
[PlyCount "101"]
[EventDate "2023.07.01"]
[EventType "swiss"]
[EventRounds "9"]
[EventCountry "CZE"]

1. Nc3 d5 2. e4 dxe4 3. Nxe4 e5 4. Bc4 Nf6 5. Ng5 Nd5 6. d3 Be7 7. Qh5 g6 8. Qh6 Bf8 9. Qh4 Be6 10. Qe4 Bg7 11. Nxe6 fxe6 12. Nf3 Nc6 13. Bd2 Qd6 14. Bb5 Nde7 15. O-O O-O-O 16. Rfe1 Nd4 17. Nxd4 Qxd4 18. Qxd4 Rxd4 19. Bc3 Rd6 20. Bxe5 Bxe5 21. Rxe5 c6 22. Bc4 Nd5 23. g3 Kd7 24. Bb3 b5 25. a3 Re8 26. Rae1 a5 27. c4 Nc7 28. Bc2 bxc4 29. dxc4 Rd2 30. Rd1 Rxd1+ 31. Bxd1 Ra8 32. f4 Rb8 33. b3 Ra8 34. Kf2 Ke7 35. Ke3 Rd8 36. Bf3 Rb8 37. Bd1 Rd8 38. Bc2 Ra8 39. h4 Kd6 40. h5 c5 41. hxg6 hxg6 42. Rg5 Rg8 43. Bxg6 Na6 44. Be4 Rxg5 45. fxg5 Ke7 46. Bc6 Nb8 47. Bb5 Nd7 48. Bxd7 Kxd7 49. Ke4 Ke7 50. Ke5 Kf7 51. g4 1-0

[Event "29. Klatovy C 2023"]
[Site "Klatovy"]
[Date "2023.07.01"]
[Round "1.14"]
[White "Kotesovec, Jaroslav"]
[Black "Cecil, Pavel"]
[Result "0-1"]
[WhiteElo "1473"]
[BlackElo "1845"]
[PlyCount "70"]
[EventDate "2023.07.01"]
[EventType "swiss"]
[EventRounds "9"]
[EventCountry "CZE"]

1. b3 d5 2. Bb2 c6 3. Nf3 Nd7 4. d4 Ngf6 5. Nbd2 g6 6. e3 Bg7 7. Bd3 O-O 8. e4 dxe4 9. Nxe4 Nxe4 10. Bxe4 Nf6 11. Bd3 b6 12. Qd2 a5 13. O-O Ba6 14. Bxa6 Rxa6 15. Rfe1 Qc7 16. h3 e6 17. c4 Rd8 18. Qg5 Raa8 19. Rab1 h6 20. Qe5 Qe7 21. Red1 Rd7 22. d5 cxd5 23. cxd5 Rad8 24. Rbc1 exd5 25. Rxd5 Qxe5 26. Rxe5 Nd5 27. Re2 Nf4 28. Rec2 Bxb2 29. Rxb2 Nd3 30. Rbc2 Nxc1 31. Rxc1 Rd1+ 32. Rxd1 Rxd1+ 33. Kh2 b5 34. Kg3 Ra1 35. Nd4 b4 0-1

[Event "29. Klatovy C 2023"]
[Site "Klatovy"]
[Date "2023.07.01"]
[Round "1.15"]
[White "Sibl, Vaclav"]
[Black "Nisztuk, Michal"]
[Result "1-0"]
[WhiteElo "1840"]
[BlackElo "1424"]
[PlyCount "101"]
[EventDate "2023.07.01"]
[EventType "swiss"]
[EventRounds "9"]
[EventCountry "CZE"]

1. d4 d5 2. Bf4 c5 3. e3 Nc6 4. c3 Nf6 5. Nd2 e6 6. Ngf3 cxd4 7. exd4 Bd6 8. Bg3 Bxg3 9. hxg3 Bd7 10. Bd3 Rc8 11. Qe2 Qe7 12. Ne5 h6 13. Ndf3 Nh7 14. Bxh7 Rxh7 15. Qd3 Rh8 16. g4 g5 17. Qe3 Rg8 18. Rxh6 f6 19. Nxc6 Rxc6 20. O-O-O Kd8 21. Rdh1 e5 22. dxe5 Bxg4 23. exf6 Rxf6 24. Qxe7+ Kxe7 25. Rxf6 Kxf6 26. Nd4 Kg6 27. Kd2 Rf8 28. f3 Bd7 29. Ke3 Re8+ 30. Kf2 Rf8 31. Re1 Rf7 32. Re5 Bc6 33. Re6+ Rf6 34. Re7 a6 35. Ke3 Rd6 36. g3 Kf6 37. Rc7 Kg6 38. b4 Kf6 39. f4 Rd7 40. Rc8 Re7+ 41. Kf2 Bd7 42. Rc7 gxf4 43. gxf4 Ba4 44. Rxe7 Kxe7 45. Ke3 Kf6 46. Nf3 Bd1 47. Ne5 Ke6 48. Kd4 Kd6 49. f5 b6 50. f6 Bh5 51. f7 1-0

[Event "29. Klatovy C 2023"]
[Site "Klatovy"]
[Date "2023.07.01"]
[Round "1.16"]
[White "Novy, Jan"]
[Black "Ondrejat, Miroslav"]
[Result "0-1"]
[WhiteElo "1403"]
[BlackElo "1838"]
[PlyCount "76"]
[EventDate "2023.07.01"]
[EventType "swiss"]
[EventRounds "9"]
[EventCountry "CZE"]

1. Nf3 Nf6 2. c4 c5 3. d3 Nc6 4. Nbd2 d6 5. a3 g6 6. b3 Bg7 7. Bb2 O-O 8. g3 e5 9. h4 Rb8 10. Bg2 a6 11. O-O Nd4 12. Bxd4 exd4 13. Ng5 Ng4 14. Bh3 h6 15. Bxg4 Bxg4 16. Ngf3 Qe7 17. Re1 Rbe8 18. Ra2 b5 19. Ra1 Bf5 20. Kg2 Qb7 21. Kh2 Re7 22. Ng1 Rfe8 23. cxb5 axb5 24. Qc2 Kh7 25. a4 b4 26. Nc4 Qc7 27. a5 Be6 28. Nb6 f5 29. f4 Bf6 30. Ra2 Rg7 31. Nf3 g5 32. hxg5 hxg5 33. Kg2 gxf4 34. Rh1+ Kg8 35. g4 fxg4 36. Nd2 Be5 37. Ne4 Qf7 38. Nxd6 Bxd6 0-1

[Event "29. Klatovy C 2023"]
[Site "Klatovy"]
[Date "2023.07.01"]
[Round "1.17"]
[White "Zednik, Zdenek"]
[Black "Sykora, Vaclav"]
[Result "1-0"]
[WhiteElo "1836"]
[BlackElo "1380"]
[PlyCount "57"]
[EventDate "2023.07.01"]
[EventType "swiss"]
[EventRounds "9"]
[EventCountry "CZE"]

1. Nf3 Nf6 2. c4 c5 3. g3 d6 4. Nc3 Nc6 5. Bg2 g6 6. d4 cxd4 7. Nxd4 Nxd4 8. Qxd4 Bg7 9. Qd2 O-O 10. O-O a6 11. b3 Rb8 12. Bb2 Qa5 13. Rfd1 Bf5 14. Nd5 Qxd2 15. Nxe7+ Kh8 16. Rxd2 Rfe8 17. Nxf5 gxf5 18. Rxd6 Ne4 19. Bxg7+ Kxg7 20. Bxe4 fxe4 21. Rad1 Rbc8 22. R1d5 Re7 23. e3 Rec7 24. Re5 b5 25. Rxe4 bxc4 26. Rxc4 Rxc4 27. bxc4 Rxc4 28. Rxa6 Kf8 29. Kg2 1-0

[Event "29. Klatovy C 2023"]
[Site "Klatovy"]
[Date "2023.07.01"]
[Round "1.18"]
[White "Stanke, Vilem"]
[Black "Hlavac, Rudolf"]
[Result "0-1"]
[WhiteElo "1306"]
[BlackElo "1827"]
[PlyCount "96"]
[EventDate "2023.07.01"]
[EventType "swiss"]
[EventRounds "9"]
[EventCountry "CZE"]

1. e4 e5 2. Nf3 Nc6 3. d4 exd4 4. Nxd4 Nf6 5. Nxc6 bxc6 6. Nc3 Bb4 7. Bd3 O-O 8. O-O d5 9. Bd2 Qd6 10. Qf3 Bg4 11. Qf4 Qxf4 12. Bxf4 Bxc3 13. bxc3 dxe4 14. Ba6 Nd5 15. Be5 Rfe8 16. Bd4 Re6 17. Bc4 Re7 18. Bb3 h6 19. c4 Nf4 20. Be3 Ng6 21. Rfe1 Kh7 22. Bc5 Ree8 23. Ba4 Re6 24. Bb3 f5 25. h3 Bh5 26. f3 Nf4 27. Be3 g5 28. c5 Nd5 29. g4 Bg6 30. Bd4 Rae8 31. fxe4 Rxe4 32. Rxe4 Rxe4 33. c3 fxg4 34. hxg4 Rxg4+ 35. Kf2 Rf4+ 36. Kg3 h5 37. Re1 h4+ 38. Kh2 Re4 39. Rf1 Nf4 40. Bd1 Kh6 41. Bf3 Re6 42. Bg4 Re7 43. Rf2 Re1 44. Bf3 Be4 45. Bxe4 Rxe4 46. Rb2 g4 47. Rb7 g3+ 48. Kg1 Re1# 0-1

[Event "29. Klatovy C 2023"]
[Site "Klatovy"]
[Date "2023.07.01"]
[Round "1.19"]
[White "Skopec, Lubos"]
[Black "Jezikowska, Nadzieja 1962"]
[Result "1-0"]
[WhiteElo "1824"]
[BlackElo "1299"]
[PlyCount "96"]
[EventDate "2023.07.01"]
[EventType "swiss"]
[EventRounds "9"]
[EventCountry "CZE"]

1. e4 e5 2. Nf3 Nc6 3. d4 exd4 4. Nxd4 Nf6 5. Nxc6 bxc6 6. e5 Nd5 7. c4 Bb4+ 8. Bd2 Bxd2+ 9. Qxd2 Nb6 10. Bd3 O-O 11. O-O d6 12. exd6 cxd6 13. Nc3 Be6 14. b3 Qc8 15. Rac1 Qd7 16. Rfd1 Rad8 17. Qc2 h6 18. c5 Nd5 19. cxd6 Qxd6 20. Be4 Qe5 21. Nxd5 cxd5 22. Bf3 Rc8 23. Qe2 Qxe2 24. Bxe2 Rxc1 25. Rxc1 Rc8 26. Rxc8+ Bxc8 27. f4 Kf8 28. Kf2 Ke7 29. Ke3 Kd6 30. Kd4 f6 31. b4 Bd7 32. b5 g5 33. g3 Bc8 34. a4 Bb7 35. f5 Bc8 36. g4 Bb7 37. a5 Ba8 38. Bf3 a6 39. bxa6 Bc6 40. Be2 Ba8 41. Bb5 Kc7 42. Be8 Kd6 43. Bf7 Bc6 44. Be6 Ba8 45. Bc8 Kc7 46. Bb7 Bxb7 47. axb7 Kxb7 48. Kxd5 Ka6 1-0

[Event "29. Klatovy C 2023"]
[Site "Klatovy"]
[Date "2023.07.01"]
[Round "1.20"]
[White "Tomecek, Marian"]
[Black "Fiser, Jiri2"]
[Result "0-1"]
[WhiteElo "1294"]
[BlackElo "1784"]
[PlyCount "44"]
[EventDate "2023.07.01"]
[EventType "swiss"]
[EventRounds "9"]
[EventCountry "CZE"]

1. Nf3 f5 2. d4 Nf6 3. e3 d5 4. Be2 e6 5. O-O c5 6. c4 b6 7. Ne5 Bd6 8. Nd2 O-O 9. Ndf3 Bb7 10. b3 Nbd7 11. Bb2 Ne4 12. Nxd7 Qxd7 13. Ne5 Qe7 14. Bf3 Rad8 15. g3 Bxe5 16. Bxe4 dxe4 17. Qc2 cxd4 18. Qc1 Qf6 19. Rd1 dxe3 20. Bxe5 exf2+ 21. Kxf2 Qxe5 22. Re1 f4 0-1

[Event "29. Klatovy C 2023"]
[Site "Klatovy"]
[Date "2023.07.01"]
[Round "1.21"]
[White "Havelka, Petr"]
[Black "Kotrba, Antonin"]
[Result "1-0"]
[WhiteElo "1770"]
[BlackElo "1125"]
[PlyCount "81"]
[EventDate "2023.07.01"]
[EventType "swiss"]
[EventRounds "9"]
[EventCountry "CZE"]

1. d4 d5 2. c4 Nf6 3. Nc3 g6 4. Nf3 Bg7 5. e3 O-O 6. Be2 e6 7. O-O Re8 8. a3 Nc6 9. cxd5 Nxd5 10. Bd2 a6 11. Rc1 Nf6 12. Qb3 Ne7 13. Rfd1 Ned5 14. Na4 Bf8 15. Nc5 Bxc5 16. dxc5 c6 17. Be1 Qe7 18. Qa4 e5 19. Qh4 Ng4 20. Qxe7 Nxe7 21. h3 Nf6 22. Nxe5 Ned5 23. Nc4 Rb8 24. Nd6 Re7 25. Bf1 Be6 26. Ba5 Ne8 27. e4 Ndc7 28. f3 Nb5 29. Nxe8 Rbxe8 30. Rd2 Bb3 31. Kf2 Kg7 32. Rd3 Be6 33. a4 Na7 34. Bc3+ f6 35. Rd4 Nc8 36. Rcd1 Kf7 37. Ba5 f5 38. Bd8 Rd7 39. Rxd7+ Bxd7 40. Rxd7+ Kf8 41. Bg5 1-0

[Event "29. Klatovy C 2023"]
[Site "Klatovy"]
[Date "2023.07.06"]
[Round "6.1"]
[White "Novotny, Jaroslav2"]
[Black "Pribyl, Josef"]
[Result "0-1"]
[WhiteElo "1890"]
[BlackElo "2230"]
[PlyCount "70"]
[EventDate "2023.07.01"]
[EventType "swiss"]
[EventRounds "9"]
[EventCountry "CZE"]
[TimeControl "120+30"]

1. e4 {[%emt 0:00:05]} c6 {[%emt 0:00:16]} 2. d4 {[%emt 0:00:42]} d5 {[%emt 0:00:25]} 3. Nc3 {[%emt 0:02:40]} g6 {[%emt 0:00:42]} 4. Nf3 {[%emt 0:03:23]} Bg7 {[%emt 0:00:34]} 5. exd5 {[%emt 0:03:01]} cxd5 {[%emt 0:00:03]} 6. Bb5+ {[%emt 0:01:45]} Nc6 {[%emt 0:02:44]} 7. h3 {[%emt 0:05:52]} e6 {[%emt 0:02:56]} 8. O-O {[%emt 0:00:28]} Nge7 {[%emt 0:00:14]} 9. Ne5 {[%emt 0:03:37]} O-O {[%emt 0:01:22]} 10. Nxc6 {[%emt 0:00:38]} Nxc6 {[%emt 0:00:30]} 11. Bxc6 {[%emt 0:04:37]} bxc6 {[%emt 0:00:02]} 12. Ne2 {[%emt 0:03:14]} a5 {[%emt 0:02:09]} 13. c3 {[%emt 0:00:43]} a4 {[%emt 0:03:41]} 14. Bf4 {[%emt 0:01:47]} Qe7 {[%emt 0:02:04]} 15. Re1 {[%emt 0:01:50]} c5 {[%emt 0:01:44]} 16. dxc5 {[%emt 0:01:45]} Qxc5 {[%emt 0:00:01]} 17. Qd2 {[%emt 0:02:50]} Re8 {[%emt 0:09:36]} 18. Be3 {[%emt 0:05:53]} Qc4 {[%emt 0:03:06]} 19. f4 {[%emt 0:10:11]} Bb7 {[%emt 0:04:17]} 20. Nd4 {[%emt 0:06:47]} Rac8 {[%emt 0:01:12]} 21. a3 {[%emt 0:00:38]} f6 {[%emt 0:05:31]} 22. Rad1 {[%emt 0:11:08]} e5 {[%emt 0:04:09]} 23. Ne2 {[%emt 0:04:04]} Re6 {[%emt 0:05:25]} 24. Nc1 {[%emt 0:11:54]} Rce8 {[%emt 0:04:30]} 25. fxe5 {[%emt 0:04:14]} fxe5 {[%emt 0:00:02]} 26. Nd3 {[%emt 0:08:40]} d4 {[%emt 0:03:52]} 27. cxd4 {[%emt 0:00:51]} exd4 {[%emt 0:00:03]} 28. Bf2 {[%emt 0:00:41]} Qc6 {[%emt 0:02:12]} 29. Bh4 {[%emt 0:08:05]} Re3 {[%emt 0:12:10]} 30. Nb4 {[%emt 0:19:32]} Qb5 {[%emt 0:08:54]} 31. Bf2 {[%emt 0:01:24]} Re2 {[%emt 0:01:07]} 32. Qd3 {[%emt 0:00:25]} Qg5 {[%emt 0:05:09]} 33. Qg3 {[%emt 0:02:22]} Qxg3 {[%emt 0:00:30]} 34. Bxg3 {[%emt 0:00:06]} Rxg2+ {[%emt 0:00:49]} 35. Kf1 {[%emt 0:00:02]} Rf8+ {[%emt 0:00:16]} 0-1

[Event "29. Klatovy C 2023"]
[Site "Klatovy"]
[Date "2023.07.06"]
[Round "6.2"]
[White "Turner, Radek"]
[Black "Sedlak, Ludek"]
[Result "1/2-1/2"]
[WhiteElo "1991"]
[BlackElo "1885"]
[PlyCount "36"]
[EventDate "2023.07.01"]
[EventType "swiss"]
[EventRounds "9"]
[EventCountry "CZE"]
[TimeControl "120+30"]

1. c4 {[%emt 0:00:08]} e5 {[%emt 0:00:05]} 2. g3 {[%emt 0:00:05]} Nc6 {[%emt 0:00:10]} 3. Bg2 {[%emt 0:00:11]} f5 {[%emt 0:00:15]} 4. Nc3 {[%emt 0:00:37]} Nf6 {[%emt 0:00:07]} 5. Nf3 {[%emt 0:02:24]} Bc5 {[%emt 0:02:13]} 6. d3 {[%emt 0:01:34]} O-O {[%emt 0:02:31]} 7. O-O {[%emt 0:00:20]} d6 {[%emt 0:01:15]} 8. e3 {[%emt 0:02:24]} Bb6 {[%emt 0:01:01]} 9. Na4 {[%emt 0:11:06]} Qe8 {[%emt 0:07:03]} 10. Nxb6 {[%emt 0:04:19]} axb6 {[%emt 0:00:17]} 11. Ne1 {[%emt 0:00:16]} e4 {[%emt 0:13:27]} 12. d4 {[%emt 0:01:03]} Kh8 {[%emt 0:03:25]} 13. Nc2 {[%emt 0:04:26]} Bd7 {[%emt 0:04:02]} 14. Bd2 {[%emt 0:01:49]} Qe7 {[%emt 0:06:53]} 15. Nb4 {[%emt 0:09:41]} Nxb4 {[%emt 0:02:00]} 16. Bxb4 {[%emt 0:00:15]} c5 {[%emt 0:05:44]} 17. dxc5 {[%emt 0:00:29]} dxc5 {[%emt 0:00:13]} 18. Bc3 {[%emt 0:00:17]} b5 {[%emt 0:06:03]} 1/2-1/2

[Event "29. Klatovy C 2023"]
[Site "Klatovy"]
[Date "2023.07.06"]
[Round "6.3"]
[White "Chalus, Karel"]
[Black "Skopec, Lubos"]
[Result "1-0"]
[WhiteElo "1975"]
[BlackElo "1824"]
[PlyCount "55"]
[EventDate "2023.07.01"]
[EventType "swiss"]
[EventRounds "9"]
[EventCountry "CZE"]
[TimeControl "120+30"]

1. Nf3 {[%emt 0:03:59]} Nf6 {[%emt 0:00:30]} 2. c4 {[%emt 0:00:30]} e6 {[%emt 0:00:20]} 3. g3 {[%emt 0:01:31]} d5 {[%emt 0:01:17]} 4. Bg2 {[%emt 0:00:25]} Nbd7 {[%emt 0:01:44]} 5. O-O {[%emt 0:01:25]} Be7 {[%emt 0:01:21]} 6. d3 {[%emt 0:08:01]} O-O {[%emt 0:00:55]} 7. b3 {[%emt 0:01:11]} c6 {[%emt 0:01:26]} 8. Bb2 {[%emt 0:00:31]} b6 {[%emt 0:04:00]} 9. Nbd2 {[%emt 0:02:21]} Bb7 {[%emt 0:01:18]} 10. Rc1 {[%emt 0:04:00]} Rc8 {[%emt 0:00:48]} 11. Rc2 {[%emt 0:00:42]} Re8 {[%emt 0:05:26]} 12. Qa1 {[%emt 0:02:08]} Bf8 {[%emt 0:02:07]} 13. Rfc1 {[%emt 0:01:30]} c5 {[%emt 0:16:42]} 14. cxd5 {[%emt 0:07:36]} exd5 {[%emt 0:11:25]} 15. e3 {[%emt 0:03:07]} a5 {[%emt 0:08:31]} 16. d4 {[%emt 0:07:20]} Ne4 {[%emt 0:05:49]} 17. dxc5 {[%emt 0:07:35]} Nexc5 {[%emt 0:08:39]} 18. Ne1 {[%emt 0:08:14]} Qg5 {[%emt 0:06:36]} 19. Ndf3 {[%emt 0:04:24]} Qg6 {[%emt 0:01:18]} 20. Nh4 {[%emt 0:05:28]} Qe6 {[%emt 0:03:32]} 21. Bd4 {[%emt 0:06:18]} Ne5 {[%emt 0:02:33]} 22. Bf1 {[%emt 0:15:35]} Ncd7 {[%emt 0:09:14]} 23. Bb5 {[%emt 0:12:40]} Rxc2 {[%emt 0:01:11]} 24. Rxc2 {[%emt 0:02:44]} Rc8 {[%emt 0:00:42]} 25. Rxc8 {[%emt 0:03:18]} Bxc8 {[%emt 0:00:08]} 26. Qc3 {[%emt 0:00:46]} Nf6 {[%emt 0:14:32]} 27. Bxe5 {[%emt 0:01:03]} Bb4 {[%emt 0:00:16]} 28. Qc7 {[%emt 0:00:00]} 1-0

[Event "29. Klatovy C 2023"]
[Site "Klatovy"]
[Date "2023.07.06"]
[Round "6.4"]
[White "Macho, Miloslav"]
[Black "Petras, Milan"]
[Result "0-1"]
[WhiteElo "1705"]
[BlackElo "1866"]
[PlyCount "94"]
[EventDate "2023.07.01"]
[EventType "swiss"]
[EventRounds "9"]
[EventCountry "CZE"]
[TimeControl "120+30"]

1. Nf3 {[%emt 0:00:04]} d5 {[%emt 0:03:31]} 2. e3 {[%emt 0:02:21]} c5 {[%emt 0:02:39]} 3. b3 {[%emt 0:00:43]} Nf6 {[%emt 0:03:46]} 4. Bb5+ {[%emt 0:01:12]} Bd7 {[%emt 0:00:30]} 5. Be2 {[%emt 0:00:32]} Nc6 {[%emt 0:00:43]} 6. O-O {[%emt 0:00:46]} e6 {[%emt 0:02:47]} 7. Bb2 {[%emt 0:03:20]} Bd6 {[%emt 0:00:13]} 8. Re1 {[%emt 0:03:14]} a6 9. d3 {[%emt 0:00:00]} O-O {[%emt 0:00:00]} 10. Nbd2 {[%emt 0:15:29]} Bc7 11. Rc1 Qe7 12. d4 cxd4 13. exd4 Ba5 14. c3 Bc7 15. Bd3 g6 16. Bb1 Rfd8 17. Qe2 b5 18. Ne5 Be8 19. Ndf3 Nxe5 20. Nxe5 Nd7 21. Nc6 Qd6 22. Ne5 f6 23. Nf3 Bf7 24. g3 Re8 25. Qd2 a5 26. h4 a4 27. h5 a3 28. hxg6 hxg6 29. Ba1 Kg7 30. Kg2 Rh8 31. Rh1 Ba5 32. Qd3 b4 33. c4 Rag8 34. Rh4 Rxh4 35. Nxh4 Nf8 36. c5 Qc6 37. Qe2 Rh8 38. Bd3 g5 39. Bb5 Qc8 40. Nf3 e5 41. Nxg5 e4 42. Qe3 Qf5 43. Nxe4 {[%emt 0:00:00]} Qc8 {[%emt 3:29:34]} 44. Ng5 {[%emt 0:03:57]} Qf5 {[%emt 0:04:41]} 45. Ne4 {[%emt 0:00:01]} Qh3+ {[%emt 0:00:31]} 46. Kf3 {[%emt 0:03:08]} Bh5+ {[%emt 0:00:02]} 47. Kf4 Qg4# {[%emt 0:00:09]} 0-1

[Event "29. Klatovy C 2023"]
[Site "Klatovy"]
[Date "2023.07.06"]
[Round "6.5"]
[White "Ondrejat, Miroslav"]
[Black "Korsa, Jindrich"]
[Result "1-0"]
[WhiteElo "1834"]
[BlackElo "1997"]
[PlyCount "73"]
[EventDate "2023.07.01"]
[EventType "swiss"]
[EventRounds "9"]
[EventCountry "CZE"]
[TimeControl "120+30"]

1. c4 {[%emt 0:00:04]} e5 {[%emt 0:00:07]} 2. Nc3 {[%emt 0:00:05]} Nc6 {[%emt 0:00:05]} 3. g3 {[%emt 0:00:26]} g5 {[%emt 0:00:05]} 4. Bg2 {[%emt 0:04:23]} Bg7 {[%emt 0:00:13]} 5. e3 {[%emt 0:00:15]} d6 {[%emt 0:00:28]} 6. Nge2 {[%emt 0:00:12]} Nge7 {[%emt 0:00:12]} 7. d4 {[%emt 0:00:57]} Ng6 {[%emt 0:00:07]} 8. d5 {[%emt 0:01:09]} Nce7 {[%emt 0:00:19]} 9. e4 {[%emt 0:00:20]} h6 {[%emt 0:00:06]} 10. Qc2 {[%emt 0:04:26]} f5 {[%emt 0:02:47]} 11. exf5 {[%emt 0:00:22]} Bxf5 {[%emt 0:00:18]} 12. Be4 {[%emt 0:00:07]} Qd7 {[%emt 0:00:59]} 13. Be3 {[%emt 0:01:08]} Bxe4 {[%emt 0:04:52]} 14. Qxe4 {[%emt 0:03:14]} Qf5 {[%emt 0:00:19]} 15. O-O-O {[%emt 0:03:28]} Qxe4 {[%emt 0:02:46]} 16. Nxe4 {[%emt 0:00:03]} Nf5 {[%emt 0:00:18]} 17. Rd3 {[%emt 0:02:52]} b6 {[%emt 0:05:26]} 18. Kc2 {[%emt 0:04:23]} Ke7 {[%emt 0:04:31]} 19. a3 {[%emt 0:03:08]} g4 {[%emt 0:06:13]} 20. b4 {[%emt 0:10:47]} Nxe3+ {[%emt 0:00:17]} 21. Rxe3 {[%emt 0:08:10]} h5 {[%emt 0:00:33]} 22. Rd3 {[%emt 0:05:17]} Raf8 {[%emt 0:05:35]} 23. Rb1 {[%emt 0:02:35]} Bh6 {[%emt 0:05:28]} 24. c5 {[%emt 0:04:11]} Kd7 {[%emt 0:00:14]} 25. cxd6 {[%emt 0:05:04]} cxd6 {[%emt 0:00:07]} 26. Rbb3 {[%emt 0:00:06]} Rc8+ {[%emt 0:00:47]} 27. Rbc3 {[%emt 0:00:34]} Rxc3+ {[%emt 0:00:37]} 28. N2xc3 {[%emt 0:00:34]} Ne7 {[%emt 0:07:08]} 29. Nf6+ {[%emt 0:12:48]} Kd8 {[%emt 0:00:20]} 30. Nb5 {[%emt 0:00:42]} Nc8 {[%emt 0:02:10]} 31. Ne4 {[%emt 0:00:58]} Kd7 {[%emt 0:01:48]} 32. Rc3 {[%emt 0:03:29]} a6 {[%emt 0:00:15]} 33. Nc7 {[%emt 0:00:22]} Ne7 {[%emt 0:00:09]} 34. Nf6+ {[%emt 0:00:12]} Kc8 {[%emt 0:00:27]} 35. Nce8+ {[%emt 0:08:50]} Kd8 {[%emt 0:02:49]} 36. Nxd6 {[%emt 0:00:21]} Rf8 {[%emt 0:00:27]} 37. Nb7# {[%emt 0:00:38]} 1-0

[Event "29. Klatovy C 2023"]
[Site "Klatovy"]
[Date "2023.07.06"]
[Round "6.6"]
[White "Baumruk, Josef"]
[Black "Hlavac, Rudolf"]
[Result "1/2-1/2"]
[WhiteElo "1947"]
[BlackElo "1845"]
[PlyCount "108"]
[EventDate "2023.07.01"]
[EventType "swiss"]
[EventRounds "9"]
[EventCountry "CZE"]
[TimeControl "120+30"]

1. c4 {[%emt 0:00:11]} Nf6 {[%emt 0:01:12]} 2. Nc3 {[%emt 0:00:09]} d5 {[%emt 0:00:23]} 3. cxd5 {[%emt 0:00:31]} Nxd5 {[%emt 0:00:18]} 4. g3 {[%emt 0:00:33]} c5 {[%emt 0:00:28]} 5. Bg2 {[%emt 0:00:18]} Nc7 {[%emt 0:00:34]} 6. Nf3 {[%emt 0:02:48]} Nc6 {[%emt 0:00:09]} 7. O-O {[%emt 0:00:57]} e5 {[%emt 0:00:17]} 8. b3 {[%emt 0:02:33]} Be7 {[%emt 0:01:14]} 9. Bb2 {[%emt 0:01:03]} O-O {[%emt 0:00:52]} 10. Rc1 {[%emt 0:01:28]} f6 {[%emt 0:04:24]} 11. e3 {[%emt 0:04:03]} Bg4 {[%emt 0:07:21]} 12. h3 {[%emt 0:07:17]} Bh5 {[%emt 0:04:59]} 13. g4 {[%emt 0:01:46]} Bg6 {[%emt 0:06:02]} 14. Ne2 {[%emt 0:02:58]} Bd3 {[%emt 0:21:27]} 15. Ne1 {[%emt 0:02:22]} Bxe2 {[%emt 0:04:38]} 16. Qxe2 {[%emt 0:00:50]} Qd7 {[%emt 0:03:05]} 17. Ba3 {[%emt 0:03:15]} Ne6 {[%emt 0:03:32]} 18. Qc4 {[%emt 0:05:51]} Kh8 {[%emt 0:00:56]} 19. Rc3 {[%emt 0:10:49]} Rad8 {[%emt 0:02:56]} 20. Rd3 {[%emt 0:08:27]} Qc8 {[%emt 0:02:36]} 21. Be4 {[%emt 0:16:30]} a6 {[%emt 0:08:33]} 22. Bf5 {[%emt 0:01:10]} Rxd3 {[%emt 0:04:44]} 23. Nxd3 {[%emt 0:00:43]} Ncd8 {[%emt 0:00:13]} 24. Bxc5 {[%emt 0:03:58]} Bxc5 {[%emt 0:02:01]} 25. Rc1 {[%emt 0:08:29]} g6 {[%emt 0:03:01]} 26. Bxe6 {[%emt 0:01:18]} Nxe6 {[%emt 0:01:19]} 27. Nxc5 {[%emt 0:03:39]} Ng5 {[%emt 0:00:25]} 28. Ne4 {[%emt 0:09:00]} Nxh3+ {[%emt 0:01:09]} 29. Kg2 {[%emt 0:03:29]} Qxg4+ {[%emt 0:02:27]} 30. Ng3 {[%emt 0:00:11]} Qxc4 {[%emt 0:01:08]} 31. Rxc4 {[%emt 0:00:10]} Ng5 {[%emt 0:00:21]} 32. d4 {[%emt 0:05:34]} exd4 {[%emt 0:02:04]} 33. Rxd4 {[%emt 0:00:13]} Rf7 {[%emt 0:01:08]} 34. Ne4 {[%emt 0:01:48]} Nxe4 {[%emt 0:00:34]} 35. Rxe4 {[%emt 0:00:05]} f5 {[%emt 0:01:13]} 36. Re6 {[%emt 0:00:25]} Kg7 {[%emt 0:00:31]} 37. b4 {[%emt 0:01:02]} h5 {[%emt 0:02:41]} 38. a4 {[%emt 0:00:19]} Kh6 {[%emt 0:00:19]} 39. Kg3 {[%emt 0:01:38]} Rc7 {[%emt 0:01:29]} 40. Rb6 {[%emt 0:00:28]} Kg5 {[%emt 0:00:58]} 41. f4+ {[%emt 0:04:53]} Kh6 {[%emt 0:00:14]} 42. a5 {[%emt 0:01:11]} Re7 {[%emt 0:00:18]} 43. Kf3 {[%emt 0:00:18]} h4 {[%emt 0:00:51]} 44. b5 {[%emt 0:00:15]} axb5 {[%emt 0:00:20]} 45. Rxb5 {[%emt 0:00:08]} Rc7 {[%emt 0:03:09]} 46. Rb3 {[%emt 0:01:10]} g5 {[%emt 0:01:46]} 47. Rb6+ {[%emt 0:02:31]} Kh5 {[%emt 0:00:16]} 48. fxg5 {[%emt 0:00:06]} Kxg5 {[%emt 0:00:18]} 49. a6 {[%emt 0:00:09]} bxa6 {[%emt 0:00:21]} 50. Rxa6 {[%emt 0:00:11]} Re7 {[%emt 0:02:59]} 51. Ra8 {[%emt 0:01:12]} Re6 {[%emt 0:02:38]} 52. Rg8+ {[%emt 0:01:29]} Rg6 {[%emt 0:04:03]} 53. Rxg6+ {[%emt 0:00:58]} Kxg6 {[%emt 0:00:14]} 54. e4 {[%emt 0:00:03]} fxe4+ {[%emt 0:01:23]} 1/2-1/2